logo

Bir Sreshtho Munshi Abdur Rouf Library
Jhenaidah Cadet College

ওয়ার্ল্ডস গ্রেটস্ট সায়েন্স ফিকশন / (Record no. 11934)

MARC details
000 -LEADER
fixed length control field 00698nam a2200229 a 4500
001 - CONTROL NUMBER
JCCL Control Number 11934
003 - CONTROL NUMBER IDENTIFIER
JCCL marc code BD-JhCC
005 - DATE AND TIME OF LATEST TRANSACTION
control field 20220522134023.0
008 - FIXED-LENGTH DATA ELEMENTS--GENERAL INFORMATION
fixed length control field 201202b2020 bg |||| ||a| 000 0 ben d
020 ## - INTERNATIONAL STANDARD BOOK NUMBER
International Standard Book Number 9789848045312
035 ## - SYSTEM CONTROL NUMBER
system control number (BD-JhCC)11934
040 ## - CATALOGING SOURCE
Original cataloging agency BD-JhCC
Modifying agency BD-JhCC
041 ## - LANGUAGE CODE
Language code of Book ben
082 ## - DEWEY DECIMAL CLASSIFICATION NUMBER
Classification number 809.38762
Author mark and Year APU 2020
245 ## - TITLE STATEMENT
Title ওয়ার্ল্ডস গ্রেটস্ট সায়েন্স ফিকশন /
Statement of responsibility, etc অনুঃ অনীশ দাস আপু ।
260 ## - PUBLICATION, DISTRIBUTION, ETC. (IMPRINT)
Place of publication, distribution, etc Dhaka:
Name of publisher, distributor, etc APPL;
Date of publication, distribution, etc 2020.
300 ## - PHYSICAL DESCRIPTION
Pagination 255 p. :
Other physical details ill;
Dimensions 22 cm
650 ## - SUBJECT ADDED ENTRY--TOPICAL TERM
Topical term or geographic name as entry element Science fiction
700 ## - ADDED ENTRY--PERSONAL NAME
Personal name আপু,অনীশ দাস
942 ## - ADDED ENTRY ELEMENTS (KOHA)
Source of classification or shelving scheme Dewey Decimal Classification
Koha item type Books
Koha issues (borrowed), all copies 1
Holdings
Source of classification or shelving scheme Damaged status Not for loan Home library Current library Shelving location Date of accession Source of acquisition Cost, normal purchase price Total Checkouts Full call number Barcode Date last seen Date checked out Copy number Koha item type
Dewey Decimal Classification     JCC Rouf Library JCC Rouf Library General Stacks 12/02/2020 Lt. Gen. Mahfuzur Rahman (10th intake) 225.00 5 809.38762 APU 2020 16504 06/19/2025 05/26/2025 C-1 Books

JCC Library | Contacts | JCC Home

Last Update on 23 September 2017
Copyright @ 2017-2020 JCC Rouf Library
Rouf Library, Jhenidah Cadet College (JCC), Bangladesh